Microsoft System Center: Extending Operations Manager Reporting (Record no. 294708)
[ view plain ]
| 000 -LEADER | |
|---|---|
| fixed length control field | 00387nam a2200121Ia 4500 |
| 008 - FIXED-LENGTH DATA ELEMENTS--GENERAL INFORMATION | |
| fixed length control field | 160523s9999 xx 000 0 und d |
| 100 ## - MAIN ENTRY--PERSONAL NAME | |
| Personal name | Wallace, George. |
| 245 ## - TITLE STATEMENT | |
| Title | Microsoft System Center: Extending Operations Manager Reporting |
| 245 ## - TITLE STATEMENT | |
| Statement of responsibility, etc | George Wallace, et al. |
| 260 ## - PUBLICATION, DISTRIBUTION, ETC. (IMPRINT) | |
| Date of publication, distribution, etc | 2014 |
| 650 ## - SUBJECT ADDED ENTRY--TOPICAL TERM | |
| General subdivision | Information Technology. |
| 856 ## - ELECTRONIC LOCATION AND ACCESS | |
| Uniform Resource Identifier | <a href="https://mva.microsoft.com/ebooks#9780735695788">https://mva.microsoft.com/ebooks#9780735695788</a> |
| Withdrawn status | Lost status | Damaged status | Home library | Current library | Date acquired | Total Checkouts | Date last seen | Price effective from | Koha item type |
|---|---|---|---|---|---|---|---|---|---|
| College Library | College Library | 05/23/2016 | 05/23/2016 | 05/23/2016 | Curriculum - Based eBooks |